000 00893nam a2200253Ia 4500
003 OSt
005 20220923220234.0
006 a|||||r|||| 00| 0
007 ta
008 220922b |||||||| |||| 00| 0 hin d
024 _a185,343
037 _cTextual
040 _aARTS
_cARTS
_bhin
041 _2hin
_ahin
082 _aO152,3M89:g, K7
100 _aदुबे, लक्ष्मी नारायण
_9160180
245 0 _aप्रसाद साहित्य
_b कुछ विचार
246 _aPrasād sāhitya: kuchh vichāra
260 _aछतरपुर
_b विन्धायाचल प्रकाशन
_c1967
300 _a217 पृ.
_ccm.
650 _aहिन्दी साहित्य
_9156264
942 _hO152,3M89:g, K7
_cTEXL
_2CC
999 _c338589
_d338589